00800nam a2200217 i 450000100060000000300090000600500170001500700030003200800410003510000370007624501280011325000270024126000560026830000220032449000120034670000340035883000200039285200320041299900170044495201210046165712ES-MaACL20250926063048.0t|040121s1980 mx ||||1| spa d1 aFromm, Erich, d1900-198095272913aEl corazón del hombre b: su potencia para el bien y para el mal /cErich Fromm ; [traducción de Florentino M. Torner]. a[1ª ed., 7ª reimp.]. aMéxico : bFondo de Cultura Económica, c[1980] a179 p. ; c17 cm.1 aPopular1 aTorner, Florentino M.91106620 aPopular9181401 aES-MaACLjL-1127 bR.101559 c65712d65712 00104070aATENEOMbATENEOMcDEPO2d2008-01-17eSCl0oL-1127p1068844r2023-02-23 00:00:00w2023-02-23yMONOGRAFIA